Fatehpur Sikri : (Record no. 77014)

MARC details
000 -LEADER
fixed length control field 00619nam a22001937a 4500
005 - DATE AND TIME OF LATEST TRANSACTION
control field 20130913110821.0
010 ## - LCCN (DPL NO)
LC control number ENG-107775
020 ## - INTERNATIONAL STANDARD BOOK NUMBER
International Standard Book Number 9789381523728
Terms of availability 995.00
035 ## - SYSTEM CONTROL NUMBER
System control number EN-91308
037 ## - SOURCE OF ACQUISITION
Source of stock number/acquisition DBAD/PUB
082 ## - DEWEY DECIMAL CLASSIFICATION NUMBER
Classification number 720.9545
100 ## - MAIN ENTRY--PERSONAL NAME
Personal name Gupta, Subhadra Sen
245 ## - TITLE STATEMENT
Title Fatehpur Sikri :
Statement of responsibility, etc by Subhadra Sen Gupta
Remainder of title Akbar's magnificent city on a Hill /
260 ## - PUBLICATION, DISTRIBUTION, ETC. (IMPRINT)
Place of publication, distribution, etc New Delhi
Name of publisher, distributor, etc Niyogi Books
Date of publication, distribution, etc 2013
270 ## - ADDRESS
Address D-78, Okhla Industrial Area, Phase-I
City New Delhi
Postal code 110020
300 ## - PHYSICAL DESCRIPTION
Extent 244p. :
Dimensions 24cm(Hb)
Other physical details ill.(chiefly col.)
500 ## - GENERAL NOTE
General note Includes index
942 ## - ADDED ENTRY ELEMENTS (KOHA)
Source of classification or shelving scheme Dewey Decimal Classification
Item type English Books
Call number suffix GUP
Classification part 720.9545
Holdings
Withdrawn status Lost status Not for loan Collection code Home library Current library Date acquired Source of acquisition Cost, normal purchase price Full call number Barcode Copy number Cost, replacement price Koha item type
    Not For Loan Non-fiction D.B.Act.Division D.B.Act.Division 27/06/2013 DBAD/PUB 995.00 720.9545 GUP EN-91308 1 995.00 English Books

© Delhi Public Library
Hit Counter
free hit counter